000
00234nam a22000857a 4500
008
160809b xxu||||| |||| 00| 0 eng d
100
_9
91
_a
Brijbasi Art Press
245
_a
Bedtime Stories for Boys
260
_a
Noida
_b
Brijbasi Art Press
_c
2009
999
_c
2745
_d
2745